Responses for show #5490 - Friday, June 20, 2008

Dave Simpson game 5.

Contestants

Matt Phillips, an exhibit developer from Munhall, Pennsylvania

Doris Nash, a costume shop supervisor from Ames, Iowa

Dave Simpson, a pastor from Belcamp, Maryland (whose 4-day cash winnings total $88,901)

Jeopardy! Round responses

THE 20th CENTURY
MOVIE MR. & MRS.
SOUNDS LIKE A GAME SHOW HOST
THE BAHAMAS, BOLIVIA OR BULGARIA
RAISE THE FLAG, PLEASE
OH, I'VE GOT A 4-LETTER WORD FOR YOU
    $200 6
Don't Ask, Don't Tell

Doris
    $200 7
Mr. & Mrs. Smith

Doris
    $200 12
(Alex: Yes, not Chuck Barris.)

Chuck Berry

Matt
    $200 21
the Bahamas

Dave
    $200 26
Iwo Jima

Dave
    $200 1
brig

Doris
    $400 17
the Bicentennial

Dave
    $400 8
Mrs. Doubtfire

Doris
    $400 13
(Alex: Yes, not Art.)

Peggy Fleming

Doris
    $400 22
(Matt: What is Bulgaria?)

Bolivia

DorisMatt
    $400 27
Sweden

Matt
    $400 2
wane

Matt
    $600 18
Stalin

Matt
    $600 9
(Alex: Yes, why are you smiling so much on that one?)

Mrs. Robinson

Matt
    $600 14
(Alex: Yes, Bob Barker's mom... No, no, sorry, Bob, and I'm working on my animals.)

Ma Barker

Doris
    $600 23
the Bahamas

Doris
    $600 28
a sun

Doris
    $600 3
the vest

Matt
    $800 19
a Bar Mitzvah

Doris
    $800 10
Sidney Poitier

Doris
    $800 15
Weeb Ewbank

Dave
    $800 24
Bulgaria

Matt
    $800 29
St. Andrew

Doris
    $800 4
(Alex: And that 4-letter word with only one consonant is [*].)

iota

Triple Stumper
    $1000 20
(Alex: His successor was [*]--became the garden of this man.)

Sir Anthony Eden

Triple Stumper
    $1000 11
Billy Crystal

Matt
    $1000 16
(Alex: Not Dick Clark, but [*].)

Richard Clarke

Triple Stumper
    $1000 25
Bulgaria

Dave
    $2,000 30
the Southern Cross

Doris
    $1000 5
Gaul

Dave

Scores at the first commercial break (after clue 16):

Dave Doris Matt
$1,800 $2,800 $2,800

Scores at the end of the Jeopardy! Round:

Dave Doris Matt
$3,600 $8,000 $4,200

Double Jeopardy! Round responses

THE BIBLE
BIG BROTHERS
WOMEN OF THE WORLD
AUTHORS & THEIR CHARACTERS
SUMO
JEOPORTMANTEAU!
(Alex: Words that are made up. For example, if I said "A ten-dollar bill plus a pail", "What is a sawbucket?")
    $400 1
(Alex: Thou shalt [*] commit adultery.)

not

Doris
    $400 16
Emilio Estevez

Matt
    $400 2
Benazir Bhutto

Dave
    $400 11
Huckleberry Finn

Matt
    $400 26
silk

Doris
    $400 21
a pushpinnacle

Triple Stumper
    $800 3
Paul

Dave
    $800 17
Carson Palmer

Dave
    $800 7
Eva Peron

Doris
    $800 12
the Cratchits

Doris
    $800 27
Shintoism

Dave
    $800 22
a suspectoral

Dave
    $1200 4
Judges

Dave
    $1200 18
The Kinks

Doris
    $3,000 8
(Alex: [*], yes, Karen Blixen.)

(Isak) Dinesen

Doris
    $1200 13
Hercule Poirot

Doris
    $1200 28
(Alex: By the way, what you just saw is what happens at Johnny's house every night.)

hand

Doris
    $1200 23
(Doris: What is teepee-and-seek?)

teepeekaboo

DorisMatt
    $6,000 5
Adam

Dave
    $1600 19
Donnie Wahlberg

Matt
    $1600 9
(Matt: Who is Margaret Mead?)

(Maria) Montessori

DorisMatt
    $1600 14
Rochester

Matt
    $1600 29
mountain

Doris
    $1600 24
Spandexterity

Triple Stumper
    $2000 6
(Matt: What is Gilean?)
(Alex: No.)
(Matt: [*]?)
...
(Alex: Sorry, Matt.)
(Matt: It's alright.)

Gilead

DorisMatt
    $2000 20
the Shues

Matt
    $2000 10
(Miriam) Makeba

Dave
    $2000 15
(Dave: Who is Jack London?)

Hemingway

DaveMatt
    $2000 30
(Matt: What is the bonsai tree?)

ginkgo

DorisMatt
    $2000 25
an almanachronism

Doris

Scores at the end of the Double Jeopardy! Round:

Dave Doris Matt
$14,400 $25,000 $7,800

[wagering suggestions for these scores]

Final Jeopardy! Round responses

19th CENTURY SCIENCE
MattWhat is large lizard?
$7,000
DaveWhat is giant lizard?
$14,400
DorisWhat is big lizard?
$3,801
lizard

Final scores:

Dave Doris Matt
$28,800 $28,801 $14,800
2nd place: $2,000 New champion: $28,801 3rd place: $1,000

Game dynamics:

Coryat scores:

Dave Doris Matt
$10,000 $22,200 $7,800
14 R
(including 1 DD),
1 W
26 R
(including 2 DDs),
1 W
15 R,
4 W

Combined Coryat: $40,000

The J! Archive is created by fans, for fans. The Jeopardy! game show and all elements thereof, including but not limited to copyright and trademark thereto, are the property of Jeopardy Productions, Inc. and are protected under law. This website is not affiliated with, sponsored by, or operated by Jeopardy Productions, Inc. Join the discussion at JBoard.tv.